| 000 | 00596nja a2200193 a 4500 | ||
|---|---|---|---|
| 003 | BLK | ||
| 005 | 20180422124136.0 | ||
| 008 | 180414c bul|r|ner|||| 00| c0bul d | ||
| 010 | _aNOT00003437014 | ||
| 040 | _aBLK | ||
| 100 | 1 |
_aМанолов, Емануил _eпърви автор _9380434 |
|
| 245 | 1 | 0 |
_aЛазар _bТекст нар. _cЕмануил Манолов. |
| 257 | _aBGR | ||
| 380 | _a7 | ||
| 773 |
_0319164 _9672176 _aМанолов, Емануил _tГодината в песни |
||
| 852 | _aЦб М ІІ 11784 | ||
| 942 |
_cNOT _n0 |
||
| 944 |
_aCR _c12.11.2014 _k |
||
| 944 |
_aED _c27.03.2015 _kИрена_Линкова |
||
| 999 |
_c319178 _d319178 |
||